000
00314nam a22001337a 4500
082
_a
824
100
_a
Pathak pramod
_9
81685
245
_a
Ethical insights on awakening the soul
250
_a
First
260
_a
Delhi
_b
Ocean publishing house
_c
2017
300
_a
186
650
_a
824/Essays
_9
81686
942
_c
BK
999
_c
65844
_d
65844